Vplyv novely zákona o dani z príjmov na základ dane podnikateľa - fyzickej osoby diplomová práca

Gespeichert in:
Bibliographische Detailangaben
1. Verfasser: Sekerka, Martin
Körperschaft: Fakulta podnikového manažmentu EU. Katedra podnikových financií
Weitere Verfasser: Ďurinová, Ivona, 1964-
Format: Buch
Sprache:Slowakisch
Veröffentlicht: Bratislava 2010
Tags: Tag hinzufügen
Keine Tags, Fügen Sie das erste Tag hinzu!

MARC

LEADER 00000nam$a2200000$$$4500
001 0121359
005 20240318123741.1
041 0 |a slo 
044 |a SK 
245 1 0 |a Vplyv novely zákona o dani z príjmov na základ dane podnikateľa - fyzickej osoby  |b diplomová práca  |c Martin Sekerka ; škol. Ivona Ďurinová 
264 1 |a Bratislava  |c 2010 
300 |a 67 s. 
100 1 |a Sekerka, Martin 
700 1 |a Ďurinová, Ivona, 1964- 
710 2 |a Fakulta podnikového manažmentu EU. Katedra podnikových financií